[Event "26.Torneo Collado Villalba 2011"]
[Site "Collado Villalba ESP"]
[Date "2011.08.24"]
[Round "2.18"]
[White "Hernandez Castro, Julio Cesar"]
[Black "Luna Hermoso, Angel"]
[Result "0-1"]
[WhiteElo "1838"]
[BlackElo "2046"]
[PlyCount "74"]
[EventDate "2011.08.23"]
[EventType "swiss"]
[EventRounds "9"]
[EventCountry "ESP"]
[Source "lmi"]
[SourceDate "2011.08.23"]

1. Nf3 Nf6 2. g3 d5 3. c4 c6 4. Bg2 Qb6 5. O-O e6 6. Qc2 Be7 7. b3 Nbd7 8. Bb2
O-O 9. d3 Qc7 10. e4 Rd8 11. Nbd2 Nc5 12. e5 Ne8 13. b4 Nd7 14. a3 a5 15. c5 f5
16. Nb3 a4 17. Na5 Nxc5 18. Nxc6 Qxc6 19. bxc5 Qxc5 20. Rfc1 Qxc2 21. Rxc2 Bd7
22. Nd4 Kf7 23. Nxf5 exf5 24. Bxd5+ Be6 25. Bxb7 Rab8 26. Bc6 Bb3 27. Rd2 Nc7
28. d4 Nd5 29. e6+ Kf8 30. Re1 Rb6 31. Bd7 Nf6 32. Re5 g6 33. Ra5 Nxd7 34. exd7
Rxd7 35. Ra8+ Kf7 36. d5 Bf6 37. Bxf6 Rxf6 0-1

[Event "26.Torneo Collado Villalba 2011"]
[Site "Collado Villalba ESP"]
[Date "2011.08.24"]
[Round "2.19"]
[White "Cao Armillas, Jesus"]
[Black "Garcia Fernandez, Jesus"]
[Result "1-0"]
[WhiteElo "2194"]
[BlackElo "1935"]
[PlyCount "85"]
[EventDate "2011.08.23"]
[EventType "swiss"]
[EventRounds "9"]
[EventCountry "ESP"]
[Source "lmi"]
[SourceDate "2011.08.23"]

1. d4 Nf6 2. c4 e5 3. dxe5 Ng4 4. Bf4 Nc6 5. Nf3 Bb4+ 6. Nbd2 Qe7 7. a3 Ngxe5
8. Nxe5 Bxd2+ 9. Qxd2 Nxe5 10. Rc1 d6 11. c5 dxc5 12. Qd5 Ng6 13. Bg3 O-O 14.
Qxc5 Qxc5 15. Rxc5 c6 16. h4 Be6 17. h5 Ne7 18. e4 Rad8 19. Be2 Rd4 20. f3 b6
21. Rc1 c5 22. Be5 Rdd8 23. h6 f6 24. hxg7 Kxg7 25. Bf4 Kh8 26. Bb5 Bd7 27. Bc4
b5 28. Ba2 c4 29. b3 Be6 30. bxc4 Rc8 31. Rh5 Bxc4 32. Bxc4 bxc4 33. Ra5 Nc6
34. Ra4 Ne5 35. Bxe5 fxe5 36. Raxc4 Rxc4 37. Rxc4 Rf7 38. Rc6 Re7 39. Rf6 Kg7
40. Rf5 Kg6 41. Ke2 h5 42. Kf2 h4 43. Kg1 1-0

[Event "26.Torneo Collado Villalba 2011"]
[Site "Collado Villalba ESP"]
[Date "2011.08.24"]
[Round "2.20"]
[White "Gordillo, Manuel"]
[Black "Malmi, Eric"]
[Result "0-1"]
[WhiteElo "1930"]
[BlackElo "2044"]
[PlyCount "68"]
[EventDate "2011.08.23"]
[EventType "swiss"]
[EventRounds "9"]
[EventCountry "ESP"]
[Source "lmi"]
[SourceDate "2011.08.23"]

1. e4 c6 2. Nc3 d5 3. Qf3 dxe4 4. Nxe4 Nf6 5. Bc4 Nbd7 6. d4 Nb6 7. Bd3 Qxd4 8.
Ne2 Qe5 9. Nxf6+ Qxf6 10. Qxf6 gxf6 11. O-O e5 12. Ng3 Be6 13. Re1 O-O-O 14.
Nh5 Nd7 15. Ng3 h5 16. Be3 h4 17. Nf5 Nc5 18. Bxc5 Bxc5 19. Kf1 Rxd3 20. cxd3
Bxf5 21. Ke2 Rg8 22. g3 Rd8 23. Rad1 Rh8 24. Rh1 Bg4+ 25. f3 Bh3 26. Rc1 Bd4
27. b4 Bg2 28. Rhg1 Bxg1 29. Rxg1 hxg3 30. hxg3 Rh2 31. g4 Bh3+ 32. Ke3 f5 33.
g5 f4+ 34. Ke4 Re2# 0-1

[Event "26.Torneo Collado Villalba 2011"]
[Site "Collado Villalba ESP"]
[Date "2011.08.24"]
[Round "2.21"]
[White "Camarero Izquierdo, Juan C"]
[Black "Olives Barba, Carlos Jose"]
[Result "1-0"]
[WhiteElo "1946"]
[BlackElo "1917"]
[PlyCount "87"]
[EventDate "2011.08.23"]
[EventType "swiss"]
[EventRounds "9"]
[EventCountry "ESP"]
[Source "lmi"]
[SourceDate "2011.08.23"]

1. d4 e6 2. Nc3 d5 3. e4 Nf6 4. Bg5 Be7 5. Bxf6 Bxf6 6. e5 Be7 7. Qg4 g6 8. f4
c5 9. Nf3 Nc6 10. O-O-O Nxd4 11. Nxd4 cxd4 12. Rxd4 Qb6 13. Bb5+ Kf8 14. Rhd1
a6 15. Ba4 Bc5 16. R4d3 Qa5 17. Bb3 Kg7 18. h4 h5 19. Qf3 Bd7 20. g4 Bc6 21. f5
hxg4 22. f6+ Kf8 23. Qxg4 Rd8 24. h5 Rxh5 25. Rh3 Qb4 26. Rxh5 gxh5 27. Qxh5
Be3+ 28. Kb1 Ke8 29. a3 Qf8 30. Ne2 Qh6 31. Qg4 Qg5 32. Qb4 Rd7 33. Rh1 Qg8 34.
Rh3 Ba7 35. Rg3 Qh8 36. Qg4 Kd8 37. Rh3 Qf8 38. Qg7 Qc5 39. Rh8+ Kc7 40. Rf8 d4
41. Rxf7 Qxe5 42. Rxd7+ Bxd7 43. Nc1 Qf5 44. Nd3 1-0

[Event "26.Torneo Collado Villalba 2011"]
[Site "Collado Villalba ESP"]
[Date "2011.08.24"]
[Round "2.22"]
[White "Lopez Pais, Francisco"]
[Black "Mena Corrochano, Alberto"]
[Result "0-1"]
[WhiteElo "1833"]
[BlackElo "2175"]
[PlyCount "49"]
[EventDate "2011.08.23"]
[EventType "swiss"]
[EventRounds "9"]
[EventCountry "ESP"]
[Source "lmi"]
[SourceDate "2011.08.23"]

1. c4 c6 2. g3 d5 3. Bg2 Nf6 4. Nf3 g6 5. cxd5 cxd5 6. O-O Bg7 7. d3 Nc6 8. Na3
O-O 9. Nc2 e5 10. Ne3 Re8 11. Bd2 h6 12. Rc1 Be6 13. Rxc6 bxc6 14. Nxe5 Qb8 15.
Bc3 Qb6 16. Qa4 Rac8 17. a3 Nd7 18. Bd4 Qc7 19. N5g4 Nb6 20. Bxb6 Qxb6 21. b4
h5 22. h3 hxg4 23. hxg4 Bd4 24. Bf3 Bxe3 25. fxe3 0-1

[Event "26.Torneo Collado Villalba 2011"]
[Site "Collado Villalba ESP"]
[Date "2011.08.24"]
[Round "2.23"]
[White "Serrano Martinez, Francisco Jos"]
[Black "Aziz Ortego, Omar Luis"]
[Result "1/2-1/2"]
[WhiteElo "1950"]
[BlackElo "2168"]
[PlyCount "108"]
[EventDate "2011.08.23"]
[EventType "swiss"]
[EventRounds "9"]
[EventCountry "ESP"]
[Source "lmi"]
[SourceDate "2011.08.23"]

1. e4 e5 2. Nf3 Nc6 3. d4 exd4 4. Bc4 Nf6 5. O-O Be7 6. e5 Ng4 7. Bf4 h5 8. c3
g5 9. cxd4 gxf4 10. Nc3 d6 11. exd6 cxd6 12. Qb3 O-O 13. Qc2 Bg5 14. Qg6+ Kh8
15. Qxg5 Qxg5 16. Nxg5 Nxd4 17. Nxf7+ Kg7 18. Rad1 Nf5 19. Nxd6 f3 20. Nxf5+
Bxf5 21. Bd5 fxg2 22. Kxg2 Rab8 23. h3 Ne5 24. Be4 Be6 25. Bd5 Bxd5+ 26. Rxd5
Rbe8 27. Re1 Ng6 28. Rd7+ Rf7 29. Rxf7+ Kxf7 30. Rxe8 Kxe8 31. Kg3 Ke7 32. Nd5+
Kf7 33. f4 Ke6 34. Ne3 Kf6 35. f5 Ne5 36. Kh4 Nd3 37. Nd1 Nf4 38. Ne3 b5 39.
Kg3 Nd3 40. b3 Nc1 41. a4 Nxb3 42. axb5 Nd4 43. b6 axb6 44. Nd5+ Kxf5 45. Nxb6
Kg5 46. h4+ Kf5 47. Nc4 Ke4 48. Nd6+ Ke3 49. Ne8 Ne2+ 50. Kh2 Kf3 51. Nf6 Nf4
52. Nxh5 Nxh5 53. Kg1 Kg3 54. Kf1 Kxh4 1/2-1/2

[Event "26.Torneo Collado Villalba 2011"]
[Site "Collado Villalba ESP"]
[Date "2011.08.24"]
[Round "2.24"]
[White "Lopez Heras, Arturo"]
[Black "Prieto Martin, Alfonso"]
[Result "0-1"]
[WhiteElo "1949"]
[BlackElo "2167"]
[PlyCount "48"]
[EventDate "2011.08.23"]
[EventType "swiss"]
[EventRounds "9"]
[EventCountry "ESP"]
[Source "lmi"]
[SourceDate "2011.08.23"]

1. e4 Nf6 2. e5 Nd5 3. d4 d6 4. c4 Nb6 5. exd6 exd6 6. Bd3 Be7 7. Ne2 Bg4 8.
Nbc3 O-O 9. O-O Nc6 10. Be3 Nb4 11. Bb1 Nxc4 12. Qb3 d5 13. a3 Nc6 14. Qxb7
Bxe2 15. Nxe2 N6a5 16. Qb5 Rb8 17. Qa4 Rxb2 18. Bd3 Qe8 19. Qd1 Nxe3 20. fxe3
Bg5 21. Rf3 Bxe3+ 22. Kh1 Nb3 23. Bxh7+ Kxh7 24. Qd3+ Qe4 0-1

[Event "26.Torneo Collado Villalba 2011"]
[Site "Collado Villalba ESP"]
[Date "2011.08.24"]
[Round "2.25"]
[White "Rodriguez De Robles, Ignacio"]
[Black "Draghici Flutur, Gavril"]
[Result "0-1"]
[WhiteElo "1943"]
[BlackElo "2077"]
[PlyCount "54"]
[EventDate "2011.08.23"]
[EventType "swiss"]
[EventRounds "9"]
[EventCountry "ESP"]
[Source "lmi"]
[SourceDate "2011.08.23"]

1. e4 c5 2. Nf3 d6 3. d4 Nf6 4. Nc3 cxd4 5. Nxd4 Nc6 6. Be2 e5 7. Nb3 Be7 8.
Be3 O-O 9. f3 a5 10. a4 Nb4 11. Nd5 Nfxd5 12. exd5 Bf5 13. Rc1 Bh4+ 14. g3 Bg5
15. Bxg5 Qxg5 16. g4 Qh4+ 17. Kf1 Bg6 18. c3 Na6 19. Kg2 f5 20. h3 Qd8 21. Nd2
Nc5 22. Nc4 e4 23. Rf1 exf3+ 24. Bxf3 fxg4 25. Bxg4 Rxf1 26. Qxf1 Qg5 27. Kh2
Rf8 0-1

[Event "26.Torneo Collado Villalba 2011"]
[Site "Collado Villalba ESP"]
[Date "2011.08.24"]
[Round "2.26"]
[White "Garcia Saez, Juan Carlos"]
[Black "Alvarez Carbajales, Fermin"]
[Result "1-0"]
[WhiteElo "2070"]
[BlackElo "1931"]
[PlyCount "90"]
[EventDate "2011.08.23"]
[EventType "swiss"]
[EventRounds "9"]
[EventCountry "ESP"]
[Source "lmi"]
[SourceDate "2011.08.23"]

1. e4 Nf6 2. e5 Nd5 3. d4 d6 4. c4 Nb6 5. exd6 exd6 6. Bd3 Be7 7. Ne2 Bg4 8. f3
Bh5 9. O-O Bg6 10. Nbc3 Nc6 11. a3 O-O 12. b4 d5 13. Bxg6 hxg6 14. cxd5 Nxd5
15. Ne4 Re8 16. Qd2 Bf8 17. Bb2 Nce7 18. N2g3 Nf5 19. Rfe1 c6 20. Nxf5 gxf5 21.
Nc5 Qc7 22. Rxe8 Rxe8 23. Re1 Qf4 24. Re2 Qxd2 25. Rxd2 Bxc5 26. dxc5 Re3 27.
Kf2 Rb3 28. g3 Kf8 29. Re2 f6 30. h4 Kf7 31. h5 Kg8 32. Bc1 Kf7 33. Kg2 Rc3 34.
Bb2 Re3 35. Rxe3 Nxe3+ 36. Kg1 Nc4 37. Bc1 Ke6 38. Kf2 Kd5 39. Ke2 Kd4 40. Bf4
Kd5 41. Bc1 a5 42. Kd3 a4 43. f4 b5 44. cxb6 Nxb6 45. Be3 Nc4 1-0

[Event "26.Torneo Collado Villalba 2011"]
[Site "Collado Villalba ESP"]
[Date "2011.08.24"]
[Round "2.27"]
[White "Velasco Garcia, Jorge Juan"]
[Black "Garcia Galeote, Lorenzo"]
[Result "0-1"]
[WhiteElo "1927"]
[BlackElo "2059"]
[PlyCount "62"]
[EventDate "2011.08.23"]
[EventType "swiss"]
[EventRounds "9"]
[EventCountry "ESP"]
[Source "lmi"]
[SourceDate "2011.08.23"]

1. d4 Nc6 2. Bg5 d6 3. Nf3 h6 4. Bh4 Bf5 5. c4 g5 6. Bg3 Bg7 7. Nc3 e6 8. e3
Nf6 9. Be2 O-O 10. h3 Ne4 11. Nxe4 Bxe4 12. O-O Bg6 13. Nd2 e5 14. f4 exf4 15.
exf4 Bxd4+ 16. Kh1 gxf4 17. Bxf4 Bxb2 18. Bxh6 Re8 19. Bh5 Bxa1 20. Qxa1 Ne5
21. Bxg6 fxg6 22. Ne4 Re6 23. Qd4 Qe7 24. Bg5 Qd7 25. Qd5 c6 26. Nf6+ Kh8 27.
Qxe5 Rxe5 28. Nxd7 Rxg5 29. Rf7 Kg8 30. Re7 Rf5 31. g4 Rf7 0-1

[Event "26.Torneo Collado Villalba 2011"]
[Site "Collado Villalba ESP"]
[Date "2011.08.24"]
[Round "2.28"]
[White "Torres Grajales, Ramon"]
[Black "Laynez Aspenberg, Jose"]
[Result "0-1"]
[WhiteElo "2056"]
[BlackElo "1898"]
[PlyCount "90"]
[EventDate "2011.08.23"]
[EventType "swiss"]
[EventRounds "9"]
[EventCountry "ESP"]
[Source "lmi"]
[SourceDate "2011.08.23"]

1. e4 d5 2. exd5 Nf6 3. d4 Bg4 4. Be2 Bxe2 5. Qxe2 Qxd5 6. Nf3 Nc6 7. c4 Qe4 8.
Qxe4 Nxe4 9. a3 e6 10. Nbd2 Nxd2 11. Bxd2 Be7 12. O-O-O Bf6 13. d5 exd5 14.
Rhe1+ Ne7 15. cxd5 O-O-O 16. Ng5 Rxd5 17. Ne4 Nc6 18. Nxf6 gxf6 19. Bc3 Rf5 20.
Re2 Rd8 21. Rde1 Ne5 22. Kc2 Nd3 23. Rd1 Rxf2 24. Rxf2 Nxf2 25. Rxd8+ Kxd8 26.
Bxf6+ Kd7 27. Bd4 Ne4 28. Kd3 Nd6 29. g4 b6 30. a4 c5 31. Bf2 Kc6 32. b3 Kd5
33. h3 a6 34. Bg3 b5 35. Be1 c4+ 36. bxc4+ bxc4+ 37. Kc3 Ne4+ 38. Kc2 Kd4 39.
Ba5 c3 40. Bb6+ Kc4 41. Be3 a5 42. h4 Kb4 43. Kd3 Nf6 44. g5 Nd5 45. Bd4 Kb3
0-1

[Event "26.Torneo Collado Villalba 2011"]
[Site "Collado Villalba ESP"]
[Date "2011.08.24"]
[Round "2.29"]
[White "Jordana Vargas, Julio"]
[Black "Martin Martin, Luis Vicente"]
[Result "1/2-1/2"]
[WhiteElo "1925"]
[BlackElo "2048"]
[PlyCount "120"]
[EventDate "2011.08.23"]
[EventType "swiss"]
[EventRounds "9"]
[EventCountry "ESP"]
[Source "lmi"]
[SourceDate "2011.08.23"]

1. c4 e5 2. Nc3 Nf6 3. g3 d5 4. cxd5 Nxd5 5. Bg2 Nb6 6. Nf3 Nc6 7. O-O Be7 8.
d3 O-O 9. Be3 Re8 10. Rc1 Bf8 11. Ne4 Nd4 12. h3 Nxf3+ 13. Bxf3 Bxh3 14. Re1
Nd5 15. Bc5 c6 16. Bxf8 Rxf8 17. Qb3 Bc8 18. Kg2 Qe7 19. Rh1 Be6 20. Qa4 Nb6
21. Qc2 Bd5 22. Rh5 h6 23. g4 f6 24. Rch1 Bf7 25. R5h4 Nd5 26. e3 Bg6 27. Qc4
Rad8 28. Ng3 Bxd3 29. Qb3 e4 30. Bd1 Qb4 31. Nf5 Qxb3 32. Bxb3 Kf7 33. a4 a5
34. Rc1 Rfe8 35. Rc5 Re5 36. Rxa5 Kf8 37. Ra7 Ba6 38. Nd4 Rc8 39. Rh5 Rxh5 40.
gxh5 Nb4 41. Ne6+ Ke7 42. Nc5 Rd8 43. Nxa6 Nxa6 44. Rxb7+ Rd7 45. Rxd7+ Kxd7
46. Kg3 Nc5 47. Bc2 Kd6 48. Kf4 Kd5 49. Kf5 Nd3 50. f3 Nxb2 51. fxe4+ Kc4 52.
Kg6 Kc3 53. a5 Kxc2 54. a6 Na4 55. Kxg7 Kd3 56. Kxh6 c5 57. Kg7 c4 58. h6 c3
59. h7 c2 60. h8=Q c1=Q 1/2-1/2

[Event "26.Torneo Collado Villalba 2011"]
[Site "Collado Villalba ESP"]
[Date "2011.08.24"]
[Round "2.30"]
[White "Erice Alonso, Santiago"]
[Black "Herrero Corada, Jose Ignacio"]
[Result "1/2-1/2"]
[WhiteElo "2043"]
[BlackElo "1852"]
[PlyCount "49"]
[EventDate "2011.08.23"]
[EventType "swiss"]
[EventRounds "9"]
[EventCountry "ESP"]
[Source "lmi"]
[SourceDate "2011.08.23"]

1. c4 c6 2. e4 d5 3. exd5 cxd5 4. d4 Nf6 5. Nc3 e6 6. Nf3 Bb4 7. Bd3 dxc4 8.
Bxc4 O-O 9. O-O Nbd7 10. Bg5 Nb6 11. Bb3 Bd7 12. Ne5 Be7 13. Re1 Rc8 14. Qe2
Bc6 15. Rad1 Bd5 16. Nxd5 Nfxd5 17. Bxe7 Qxe7 18. Nf3 Rfd8 19. h4 h6 20. a4 Qb4
21. Bc2 a6 22. Ne5 Rc7 23. Ng4 Nd7 24. Qd3 N7f6 25. Nxf6+ 1/2-1/2

[Event "26.Torneo Collado Villalba 2011"]
[Site "Collado Villalba ESP"]
[Date "2011.08.24"]
[Round "2.31"]
[White "Barahona Torrijos, Angel"]
[Black "Esquivias Gomez, Francisco J"]
[Result "1/2-1/2"]
[WhiteElo "1902"]
[BlackElo "2036"]
[PlyCount "68"]
[EventDate "2011.08.23"]
[EventType "swiss"]
[EventRounds "9"]
[EventCountry "ESP"]
[Source "lmi"]
[SourceDate "2011.08.23"]

1. e4 Nf6 2. Nc3 d5 3. e5 d4 4. exf6 dxc3 5. fxg7 cxd2+ 6. Qxd2 Qxd2+ 7. Bxd2
Bxg7 8. O-O-O Bf5 9. Nf3 O-O 10. Bc4 Nc6 11. Bf4 Na5 12. Bd3 Bxd3 13. Rxd3 Nc4
14. Rd7 Bxb2+ 15. Kb1 Bf6 16. Bxc7 Rac8 17. Re1 b5 18. Re4 Kh8 19. g4 h6 20. h4
Rg8 21. Kc1 Kh7 22. Nd4 Bxh4 23. Nf5 Bg5+ 24. Kd1 a6 25. f3 Kg6 26. Nxe7+ Bxe7
27. Rexe7 Rgf8 28. f4 Rce8 29. Bd6 Rd8 30. Be5 Ne3+ 31. Ke2 Nxg4 32. Rxf7 Rxd7
33. Rxd7 Nxe5 34. fxe5 Re8 1/2-1/2

[Event "26.Torneo Collado Villalba 2011"]
[Site "Collado Villalba ESP"]
[Date "2011.08.24"]
[Round "2.32"]
[White "Madurga Lopez, Ignacio"]
[Black "Rodriguez Del Moral, Angel"]
[Result "1-0"]
[WhiteElo "2036"]
[BlackElo "1813"]
[PlyCount "63"]
[EventDate "2011.08.23"]
[EventType "swiss"]
[EventRounds "9"]
[EventCountry "ESP"]
[Source "lmi"]
[SourceDate "2011.08.23"]

1. e4 c5 2. Nf3 e6 3. c3 a6 4. d4 cxd4 5. cxd4 Nf6 6. Nc3 Bb4 7. Bd3 O-O 8. O-O
Be7 9. Qe2 d6 10. Bg5 Nbd7 11. e5 Ne8 12. Bf4 d5 13. Rac1 b5 14. Bb1 Nb6 15.
Qd3 g6 16. h4 Bxh4 17. g3 Be7 18. Bh6 Ng7 19. Kg2 Nc4 20. Rh1 f5 21. exf6 Bxf6
22. Bxg7 Bxg7 23. Rxh7 Qf6 24. Rh4 Nd6 25. Rg4 Nf5 26. Ne5 Ne7 27. f4 Nf5 28.
Rxg6 Nh4+ 29. gxh4 Qxf4 30. Rxg7+ Kxg7 31. Qg6+ Kh8 32. Qh7# 1-0

[Event "26.Torneo Collado Villalba 2011"]
[Site "Collado Villalba ESP"]
[Date "2011.08.24"]
[Round "2.33"]
[White "Navarro Martin, Carlos"]
[Black "Olivera Gutierrez, Albert"]
[Result "1-0"]
[WhiteElo "1852"]
[BlackElo "2036"]
[PlyCount "49"]
[EventDate "2011.08.23"]
[EventType "swiss"]
[EventRounds "9"]
[EventCountry "ESP"]
[Source "lmi"]
[SourceDate "2011.08.23"]

1. d4 d5 2. c4 dxc4 3. e4 c5 4. d5 e6 5. Bxc4 Nf6 6. Nc3 exd5 7. Bxd5 Nxd5 8.
Qxd5 Nc6 9. Qxd8+ Kxd8 10. Bg5+ f6 11. O-O-O+ Bd7 12. Bf4 g5 13. Bg3 h5 14. h4
Bg7 15. hxg5 fxg5 16. Nf3 g4 17. Ng5 Bh6 18. Rxh5 Kc8 19. Bf4 Be8 20. Rhh1 Nb4
21. Kb1 Bg7 22. Rxh8 Bxh8 23. Ne6 b6 24. Rd8+ Kb7 25. Rxa8 1-0

[Event "26.Torneo Collado Villalba 2011"]
[Site "Collado Villalba ESP"]
[Date "2011.08.24"]
[Round "2.34"]
[White "Callejo Hernanz, Jesus Maria"]
[Black "Bolea Jover, Jose"]
[Result "0-1"]
[WhiteElo "1806"]
[BlackElo "2021"]
[PlyCount "94"]
[EventDate "2011.08.23"]
[EventType "swiss"]
[EventRounds "9"]
[EventCountry "ESP"]
[Source "lmi"]
[SourceDate "2011.08.23"]

1. d4 d5 2. c4 c6 3. e3 Nf6 4. Nf3 e6 5. Nbd2 Nbd7 6. Bd3 Bd6 7. O-O O-O 8. Qc2
h6 9. b3 e5 10. dxe5 Nxe5 11. Nxe5 Bxe5 12. Bb2 Bxb2 13. Qxb2 Bg4 14. Rfe1 Re8
15. Nf1 Qc7 16. h3 dxc4 17. Bxc4 Bh5 18. Ng3 Bg6 19. Rad1 Rad8 20. Rxd8 Rxd8
21. Qc1 Qa5 22. Rd1 Rxd1+ 23. Qxd1 b5 24. Bd3 Qxa2 25. Bxg6 fxg6 26. Qd3 Kh7
27. Ne2 Qa1+ 28. Kh2 Qe5+ 29. Ng3 a5 30. f4 Qd5 31. Qc2 Qd6 32. Ne2 Qe6 33. Qd3
Qe4 34. Qd2 Nd5 35. Qd4 Qxe3 36. Qe5 Qxe5 37. fxe5 a4 38. bxa4 bxa4 39. Nd4 a3
40. Nb3 g5 41. Kg3 Kg6 42. Kf3 Kf5 43. e6 Kxe6 44. Ke4 a2 45. Na1 Nf4 46. Kf3
Ke5 47. Kg4 Nxg2 0-1

[Event "26.Torneo Collado Villalba 2011"]
[Site "Collado Villalba ESP"]
[Date "2011.08.24"]
[Round "2.35"]
[White "Torres Samper, Rafael"]
[Black "Martin Carmona, Gaston"]
[Result "1/2-1/2"]
[WhiteElo "2015"]
[BlackElo "1805"]
[PlyCount "117"]
[EventDate "2011.08.23"]
[EventType "swiss"]
[EventRounds "9"]
[EventCountry "ESP"]
[Source "lmi"]
[SourceDate "2011.08.23"]

1. e4 c5 2. Nf3 Nc6 3. d4 cxd4 4. Nxd4 e5 5. Nb5 a6 6. Nd6+ Bxd6 7. Qxd6 Qf6 8.
Qd1 Qg6 9. Nc3 Nge7 10. h4 h5 11. Be3 d5 12. Nxd5 Nxd5 13. Qxd5 Be6 14. Qc5
Qxe4 15. O-O-O Qb4 16. Be2 Qxc5 17. Bxc5 Rd8 18. a3 Rd5 19. Rxd5 Bxd5 20. Rd1
Be4 21. b4 Rh6 22. Be3 Rh8 23. b5 axb5 24. Bxb5 f6 25. a4 Kf7 26. Rd7+ Kg6 27.
f3 Bf5 28. Rxb7 Nb4 29. c4 Rc8 30. Kd2 Nc6 31. Bb6 Nd4 32. Bxd4 exd4 33. a5 Ra8
34. a6 Bc8 35. Rb6 Kf7 36. Kd3 Ke7 37. Kxd4 Kd8 38. Kd5 Kc7 39. c5 Ra7 40. Rc6+
Kd8 41. Bd3 Ra8 42. Rd6+ Kc7 43. g3 Ra7 44. Bg6 Bxa6 45. Bxh5 Bb7+ 46. Ke6 Ra5
47. Rd7+ Kb8 48. Rxg7 Rxc5 49. Rh7 Rc3 50. Kxf6 Bxf3 51. Bg6 Rc6+ 52. Kg5 Kc8
53. Rf7 Bd5 54. Bf5+ Be6 55. Rf6 Kd8 56. Rxe6 Rc3 57. g4 Rc7 58. Kf6 Re7 59.
Rxe7 1/2-1/2

[Event "26.Torneo Collado Villalba 2011"]
[Site "Collado Villalba ESP"]
[Date "2011.08.24"]
[Round "2.36"]
[White "Montoya Pecurul, Marc"]
[Black "Angelina Vela, Carlos"]
[Result "0-1"]
[WhiteElo "1796"]
[BlackElo "1998"]
[PlyCount "62"]
[EventDate "2011.08.23"]
[EventType "swiss"]
[EventRounds "9"]
[EventCountry "ESP"]
[Source "lmi"]
[SourceDate "2011.08.23"]

1. e4 c6 2. d4 d5 3. e5 Bf5 4. Nf3 e6 5. Be2 c5 6. c3 Nc6 7. O-O Bg6 8. Be3
cxd4 9. cxd4 Nge7 10. a3 Nf5 11. b4 Nxe3 12. fxe3 Be7 13. Nbd2 O-O 14. Nb3 Rc8
15. Bd3 a5 16. b5 Nb8 17. Bxg6 hxg6 18. a4 Bb4 19. Rc1 Qe7 20. Qd3 Nd7 21. e4
Nb6 22. exd5 exd5 23. e6 Qxe6 24. Ng5 Qg4 25. Rxc8 Nxc8 26. Nf3 Nd6 27. Nc5 Re8
28. Ne5 Rxe5 29. dxe5 Bxc5+ 30. Kh1 Nf5 31. Qxd5 Ng3+ 0-1

[Event "26.Torneo Collado Villalba 2011"]
[Site "Collado Villalba ESP"]
[Date "2011.08.25"]
[Round "3.1"]
[White "Moreno Ruiz, Javier"]
[Black "Madina Yadarola, Martin"]
[Result "1-0"]
[WhiteElo "2545"]
[BlackElo "2291"]
[PlyCount "83"]
[EventDate "2011.08.23"]
[EventType "swiss"]
[EventRounds "9"]
[EventCountry "ESP"]
[Source "lmi"]
[SourceDate "2011.08.23"]

1. d4 d5 2. c4 e6 3. Nc3 Be7 4. cxd5 exd5 5. Bf4 Nf6 6. e3 Bf5 7. Qb3 Nc6 8. a3
Na5 9. Qa4+ c6 10. Nf3 O-O 11. Ne5 b5 12. Qd1 Nd7 13. Bd3 Bxd3 14. Nxd3 Nc4 15.
a4 b4 16. Ne2 a5 17. b3 Nd6 18. Rc1 Ra6 19. O-O Nb7 20. Bg3 Qe8 21. Rc2 Bd6 22.
Qc1 Bxg3 23. Nxg3 Nb8 24. Qd2 Ra7 25. Rfc1 g6 26. f3 h5 27. e4 h4 28. Nh5 Qd8
29. exd5 gxh5 30. dxc6 Qxd4+ 31. Kh1 Nd6 32. c7 Nd7 33. Qg5+ Qg7 34. Qe7 Nc8
35. Qxd7 Ra6 36. Nf4 Qe5 37. Nd3 Qf6 38. Nf2 Re6 39. Ne4 Qf4 40. h3 Rg6 41. Rc6
Rg7 42. Nf6+ 1-0

[Event "26.Torneo Collado Villalba 2011"]
[Site "Collado Villalba ESP"]
[Date "2011.08.25"]
[Round "3.2"]
[White "Longa Yauca, Javier"]
[Black "Gomez Garrido, Camilo"]
[Result "1/2-1/2"]
[WhiteElo "2288"]
[BlackElo "2524"]
[PlyCount "124"]
[EventDate "2011.08.23"]
[EventType "swiss"]
[EventRounds "9"]
[EventCountry "ESP"]
[Source "lmi"]
[SourceDate "2011.08.23"]

1. f4 c5 2. Nf3 Nc6 3. e4 d6 4. Bc4 e6 5. O-O a6 6. c3 Nf6 7. e5 Nd5 8. d4 Be7
9. Kh1 Nb6 10. Bb3 d5 11. Be3 cxd4 12. Nxd4 Nxd4 13. Bxd4 Bd7 14. Nd2 Rc8 15.
Qg4 g6 16. a4 a5 17. Qg3 Bc6 18. Qf2 Nd7 19. g4 Rf8 20. f5 f6 21. exf6 Nxf6 22.
Qe2 exf5 23. gxf5 gxf5 24. Rxf5 Qd6 25. Rg1 Kd7 26. Rg7 Rce8 27. Nf3 Kc8 28.
Ne5 Bd8 29. Qf1 Bc7 30. Qh3 Kb8 31. Qh6 Ne4 32. Qxd6 Bxd6 33. Rxf8 Rxf8 34.
Nd7+ Bxd7 35. Rxd7 Rf1+ 36. Kg2 Rb1 37. Bxd5 Rxb2+ 38. Kf3 Kc8 39. Rg7 Nd2+ 40.
Ke3 Bxh2 41. Kd3 Nb3 42. Be3 b6 43. Rxh7 Nc5+ 44. Kc4 Bd6 45. Bc6 Rh2 46. Rf7
Rh5 47. Bd4 Kb8 48. Kb5 Ne6+ 49. Kxb6 Bc7+ 50. Ka6 Nc5+ 51. Bxc5 Rxc5 52. Rf8+
Bd8 53. Bb5 Kc8 54. c4 Re5 55. Rg8 Rg5 56. Rxg5 Bxg5 57. Kxa5 Kc7 58. Be8 Be3
59. Kb5 Kd6 60. a5 Bf2 61. Bh5 Be3 62. Bf3 Bf2 1/2-1/2

[Event "26.Torneo Collado Villalba 2011"]
[Site "Collado Villalba ESP"]
[Date "2011.08.25"]
[Round "3.3"]
[White "Guerra Mendez, Jose Angel"]
[Black "Desanjose Candalija, Eduardo"]
[Result "1-0"]
[WhiteElo "2450"]
[BlackElo "2275"]
[PlyCount "43"]
[EventDate "2011.08.23"]
[EventType "swiss"]
[EventRounds "9"]
[EventCountry "ESP"]
[Source "lmi"]
[SourceDate "2011.08.23"]

1. e4 c5 2. Nf3 d6 3. d4 cxd4 4. Nxd4 Nf6 5. Nc3 a6 6. Bc4 e6 7. Bb3 b5 8. O-O
Be7 9. Qf3 Qb6 10. Be3 Qb7 11. Qg3 O-O 12. Bh6 Ne8 13. Rad1 Kh8 14. Bg5 Nf6 15.
Bxf6 gxf6 16. Qe3 Nc6 17. Nxc6 Qxc6 18. Nd5 Bd8 19. Qh6 Rg8 20. Nxf6 Rg7 21.
Rfe1 Bb7 22. Bd5 1-0

[Event "26.Torneo Collado Villalba 2011"]
[Site "Collado Villalba ESP"]
[Date "2011.08.25"]
[Round "3.4"]
[White "Moreno Tejera, Emilio"]
[Black "Fernandez Cardoso, Alexey"]
[Result "0-1"]
[WhiteElo "2264"]
[BlackElo "2450"]
[PlyCount "76"]
[EventDate "2011.08.23"]
[EventType "swiss"]
[EventRounds "9"]
[EventCountry "ESP"]
[Source "lmi"]
[SourceDate "2011.08.23"]

1. e4 c5 2. Nc3 a6 3. Nf3 e6 4. d4 cxd4 5. Nxd4 d6 6. Be2 Nf6 7. O-O Be7 8. Be3
O-O 9. a4 Nc6 10. f4 Qc7 11. Kh1 Bd7 12. Nb3 b6 13. g4 Bc8 14. g5 Nd7 15. Rf3
Bb7 16. Rh3 f5 17. Bf3 g6 18. Qe1 fxe4 19. Bg4 Nd8 20. Nd4 Nc5 21. b4 e5 22.
Qh4 Bxg5 23. Qxg5 exd4 24. Nd5 Qg7 25. Ne7+ Kf7 26. f5 Ke8 27. f6 Qxf6 28. Qxf6
Rxf6 29. Ng8 Rf7 30. Bxd4 Nce6 31. Bxb6 h5 32. Be2 Nf4 33. Re3 Nde6 34. c4 Kd7
35. Nh6 Rh7 36. Rd1 Rxh6 37. c5 Nd3 38. Kg1 Nef4 0-1